000 00951nam a22003017a 4500
001 8409
003 FISKH
005 20250910154409.0
008 250910b cb ||||| |||| 00| 0 eng d
020 _a9780590522694
040 _aFISKH
_beng
_cFISKH
_dFISKH
050 _aQL668.E2 R535
082 _a597.89
100 _aRobinson, Fay
245 _aFantastic frogs ! /
_cby Fay Robinson : Illustrated by Jean Cassels
250 _aFirst printing, March 1999
260 _aNew York :
_bScholastic,
_c1999.
300 _a32 pages :
_bcolor illustrations ;
_c23 cm .
490 _aScholastic Reader
_vLevel 2
505 _aJ
520 _aIntroduces the growth, food, habitats, colors, and shapes of different kinds of frogs.
521 8 _a430
_bLexile
521 8 _aJ
_bRaz-Plus
650 _aReptiles and amphibians
_vNon-fiction
700 _aCassels, Jean
_eIllustrator
942 _2ddc
_cBK
_n0
999 _c8409
_d8409